Clicks to digital evangelism : (Record no. 25285)

MARC details
000 -LEADER
fixed length control field 00979nam a22002417a 4500
003 - CONTROL NUMBER IDENTIFIER
control field AUA.1
005 - DATE AND TIME OF LATEST TRANSACTION
control field 20251121104241.0
008 - FIXED-LENGTH DATA ELEMENTS--GENERAL INFORMATION
fixed length control field 251121b |||||||| |||| 00| 0 eng d
020 ## - INTERNATIONAL STANDARD BOOK NUMBER
International Standard Book Number 9781577563013
040 ## - CATALOGING SOURCE
Transcribing agency JTL
050 ## - LIBRARY OF CONGRESS CALL NUMBER
Classification number BX6127.57.I5
Item number .K46 2024
100 ## - MAIN ENTRY--PERSONAL NAME
Personal name Kim, Justin
245 ## - TITLE STATEMENT
Title Clicks to digital evangelism :
Remainder of title engaging communities with digital prayer campaigns /
Statement of responsibility, etc Justin Kim.
260 ## - PUBLICATION, DISTRIBUTION, ETC. (IMPRINT)
Date of publication, distribution, etc Lincoln, NE :
Place of publication, distribution, etc AdventSource;
Name of publisher, distributor, etc c2024.
300 ## - PHYSICAL DESCRIPTION
Extent 175 pages :
Other physical details illustrations (chiefly colored) ;
Dimensions 22 cm.
650 ## - SUBJECT ADDED ENTRY--TOPICAL TERM
Topical term or geographic name as entry element Internet in evangelistic work
650 ## - SUBJECT ADDED ENTRY--TOPICAL TERM
Topical term or geographic name as entry element Evangelistic work
Form subdivision Seventh-day Adventists
650 ## - SUBJECT ADDED ENTRY--TOPICAL TERM
Topical term or geographic name as entry element Internet
Form subdivision Religious aspects
Geographic subdivision Christians
650 ## - SUBJECT ADDED ENTRY--TOPICAL TERM
Topical term or geographic name as entry element Internet in church work
830 #0 - SERIES ADDED ENTRY--UNIFORM TITLE
Uniform title SDAPI - Seventh-day Adventist Periodical Index.
856 41 - ELECTRONIC LOCATION AND ACCESS
Public note Full Text
Uniform Resource Identifier <a href="http://www.andrews.edu/library/car/cardigital/Periodicals/Southern_Tidings/2020/2020_06.pdf#page=14">http://www.andrews.edu/library/car/cardigital/Periodicals/Southern_Tidings/2020/2020_06.pdf#page=14</a>
942 ## - ADDED ENTRY ELEMENTS (KOHA)
Source of classification or shelving scheme Library of Congress Classification
Koha item type Books
Classification part BX 6127.57 .I5
Item part K46 2024
Holdings
Withdrawn status Lost status Source of classification or shelving scheme Damaged status Not for loan Collection code Home library Current library Shelving location Date acquired Source of acquisition Cost, normal purchase price Serial Enumeration / chronology Total Checkouts Full call number Barcode Date last seen Cost, replacement price Price effective from Koha item type
    Library of Congress Classification     Books Judith Thomas Library Judith Thomas Library General Stacks 21/11/2025 Bought by JTL 13.00 AUA28036   BX 6127.57 .I5 K46 2024 AUA28036 21/11/2025 13.00 21/11/2025 Books